| 000 | 01725nam a2200517 i 4500 | ||
|---|---|---|---|
| 001 | 6999 | ||
| 003 | KOSZ 005 | ||
| 005 | 20200630124517.0 | ||
| 008 | 200630s1995 pl a f 000 0 pol | ||
| 015 | _aUWD 1995/11540 | ||
| 020 | _a8386272201 | ||
| 035 | _a991000221249705066 | ||
| 035 | _a(PL-WaBN)b1010253x-48omnis_nlop | ||
| 035 | _ab1010253x | ||
| 035 | _a(OCoLC)830051335 | ||
| 035 | _a(PL)b0000001010253 | ||
| 035 | _a(EXLNZ-48OMNIS_NETWORK)9910291555305606 | ||
| 040 |
_aWA N _cWA N _dKOSZ 005/AR |
||
| 046 | _k1995 | ||
| 080 | _a543 | ||
| 080 | _a(075.8) | ||
| 080 | _a(076) | ||
| 100 | 1 |
_aKucharski, Marian _eAutor |
|
| 245 | 1 | 0 |
_aChemia analityczna : _bwybrane zagadnienia i ćwiczenia laboratoryjne / _cMarian Kucharski ; Politechnika Białostocka. |
| 250 | _a[Wydanie 2]. | ||
| 260 |
_aBiałystok : _bWydawnictwa Politechniki Białostockiej, _c1995. |
||
| 300 |
_a206 stron : _bilustracje ; _c23 cm. |
||
| 336 |
_aTekst _btxt _2rdacontent |
||
| 337 |
_aBez urządzenia pośredniczącego _bn _2rdamedia |
||
| 338 |
_aWolumin _bnc _2rdacarrier |
||
| 380 | _aKsiążki | ||
| 380 | _aPublikacje dydaktyczne | ||
| 380 | _aPublikacje naukowe | ||
| 385 |
_aPoziom nauczania _mSzkoły wyższe |
||
| 388 | _a1901-2000 | ||
| 388 | _a1989-2000 | ||
| 504 | _aBibliografia przy rozdziałach. | ||
| 650 | 7 |
_aChemia analityczna _2DBN |
|
| 655 | 7 |
_aPodręczniki akademickie _2DBN |
|
| 655 | 7 |
_aĆwiczenia i zadania _2DBN |
|
| 658 | _aChemia | ||
| 710 | 2 |
_4pbl _aWydawnictwa Politechniki Białostockiej |
|
| 856 |
_uhttp://koha.tu.koszalin.pl/cgi-bin/koha/opac-detail.pl?biblionumber=6999 _ykatalog online BPK |
||
| 942 |
_2UKD _cKS |
||
| 999 |
_c6999 _d6999 |
||